Fr. Conceicao Rodrigues College of Engineering

Electric machines (Record no. 34960)

MARC details
000 -LEADER
fixed length control field 00329nam a2200157Ia 4500
082 ## - DEWEY DECIMAL CLASSIFICATION NUMBER
Classification number 621.31042
Item number HUS
100 ## - MAIN ENTRY--PERSONAL NAME
Personal name Husain/Ashfaq
245 ## - TITLE STATEMENT
Title Electric machines
260 ## - PUBLICATION, DISTRIBUTION, ETC.
Name of publisher, distributor, etc. Dhanpat and Sons
Date of publication, distribution, etc. 2005
366 ## - TRADE AVAILABILITY INFORMATION
Publishers's discount category 12
300 ## - PHYSICAL DESCRIPTION
Extent 632
546 ## - LANGUAGE NOTE
Language note ENGLISH
-- TTL
650 ## - SUBJECT ADDED ENTRY--TOPICAL TERM
Topical term or geographic name entry element Electric Machines
942 ## - ADDED ENTRY ELEMENTS (KOHA)
Koha item type BOOK
Holdings
Withdrawn status Lost status Damaged status Not for loan Collection Home library Current library Date acquired Source of acquisition Cost, normal purchase price Inventory number Total Checkouts Full call number Barcode Date last seen Cost, replacement price Price effective from Koha item type
        CRC Fr. Agnel's C.Rodrigues College of Engineering Fr. Agnel's C.Rodrigues College of Engineering 17/03/2023 Allied Publishers 250.80 157 dt 04/05/2015   621.31042 HUS 23637 17/03/2023 285.00   BOOK
        CRC Fr. Agnel's C.Rodrigues College of Engineering Fr. Agnel's C.Rodrigues College of Engineering 17/03/2023 Allied Publishers 250.80 157 dt 04/05/2015   621.31042 HUS 23638 17/03/2023 285.00   BOOK